Statistiques concernant Roster WWE

Cliquez ici pour prendre le quiz!

Statistiques générales

  • Ce quiz a été pris 114 fois
    (48 depuis la dernière actualisation)
  • Le résultat moyen est 101 sur 215

Statistiques - réponses

ShowNotesRéponse% Correct
RAWJey Uso
96%
Free AgentJimmy Uso
96%
SmackdownSolo Sikoa
96%
Free AgentBig E
92%
SmackdownRandy Orton
92%
RAWRey Mysterio
92%
Free AgentRoman Reigns
92%
CEOTriple H
92%
NXTCommentateurBooker T
88%
RAWWomen's Tag Team ChampionAsuka
84%
RAWCM Punk
84%
Free AgentJohn Cena
84%
SmackdownKevin Owens
84%
SmackdownManager BloodlinePaul Heyman
84%
Free AgentRhea Ripley
84%
RAWSeth Rollins
84%
SmackdownWomen's ChampionBayley
80%
RAWBecky Lynch
80%
RAWWorld Heavyweight ChampionDamian Priest
80%
RAWDominik Mysterio
80%
RAWDrew Mcintyre
80%
RAWFinn Balor
80%
RAWIntercontinental ChampionSami Zayn
80%
SmackdownBianca Belair
76%
SmackdownUndisputed WWE Universal ChampionCody Rhodes
76%
Free AgentNikki Cross
76%
SmackdownUnited States ChampionLogan Paul
72%
RAWOtis
72%
RAWSpeed ChampionRicochet
72%
RAWWorld Tag Team ChampionThe Miz
72%
SmackdownAJ Styles
68%
RAWCarlito
68%
RAWGunther
68%
RAWKofi Kingston
68%
RAWSheamus
68%
SmackdownTama Tonga
68%
RAWAkira Tozawa
64%
SmackdownSmackdown Tag Team ChampionAustin Theory
64%
SmackdownBaron Corbin
64%
RAWBraun Strowman
64%
RAWChad Gable
64%
Free AgentCharlotte Flair
64%
RAWDakota Kai
64%
RAWDragon Lee
64%
RAWLudwig Kaiser
64%
RAWCommentateurMichael Cole
64%
SmackdownMontez Ford
64%
SmackdownNaomi
64%
RAWWorld Tag Team ChampionR-Truth
64%
Free AgentThe Rock
64%
SmackdownTommaso Ciampa
64%
NXTWes Lee
64%
SmackdownAngel
60%
RAWBron Breakker
60%
SmackdownCarmelo Hayes
60%
NXTCora Jade
60%
SmackdownGiovanni Vinci
60%
RAWIlja Dragunov
60%
RAWIYO SKY
60%
RAWJD Mcdonagh
60%
SmackdownJohnny Gargano
60%
SmackdownLA Knight
60%
RAWLiv Morgan
60%
CEOStephanie Mcmahon
60%
Free AgentValhalla
60%
RAWXavier Woods
60%
SmackdownAngelo Dawkins
56%
NXTNXT Tag Team ChampionAxiom
56%
SmackdownBobby Lashley
56%
RAWDijak
56%
SmackdownSmackdown Tag Team ChampionGrayson Waller
56%
RAWIvy Nile
56%
NXTJoe Gacy
56%
SmackdownKarrion Kross
56%
RAWLyra Valkyria
56%
NXTNXT Tag Team ChampionNathan Frazer
56%
RAWPete Dunne
56%
SmackdownRezar
56%
NXTNXT Women's ChampionRoxanne Perez
56%
RAWAnnonceuseSamantha Irvin
56%
SmackdownShinsuke Nakamura
56%
NXTNXT ChampionTrick Williams
56%
RAWZelina Vega
56%
SmackdownAkam
52%
Free AgentBrock Lesnar
52%
RAWBronson Reed
52%
SmackdownCandice Lerae
52%
SmackdownIndi Hartwell
52%
RAWIvar
52%
RAWJoaquin Wilde
52%
RAWWomen's Tag Team ChampionKairi Sane
52%
NXTLexis King
52%
RAWMaxxine Dupri
52%
RAWNatalya
52%
SmackdownNia Jax
52%
SmackdownSantos Escobar
52%
SmackdownTiffany Stratton
52%
RAWTyler Bate
52%
RAWGeneral Manager de RAWAdam Pearce
48%
Free AgentAlexa Bliss
48%
SmackdownAndrade
48%
SmackdownB-Fab
48%
SmackdownBlair Davenport
48%
RAWBrutus Creed
48%
SmackdownChelsea Green
48%
SmackdownCommentateurCorey Graves
48%
RAWCruz del Toro
48%
SmackdownJade Cargill
48%
RAWJulius Creed
48%
NXTNoam Dar
48%
Free AgentOmos
48%
SmackdownPiper Niven
48%
SmackdownCommentateurWade Barrett
48%
NXTGeneral Manager de NXTAva
44%
SmackdownBerto
44%
SmackdownCedric Alexander
44%
Free AgentDexter Lumis
44%
NXTFallon Henley
44%
SmackdownLuke Gallows
44%
Free AgentManagerMVP
44%
SmackdownGeneral Manager de SmackdownNick Aldis
44%
NXTNXT North American ChampionOba Femi
44%
NXTOro Mensah
44%
SmackdownScarlett
44%
RAWShayna Baszler
44%
NXTThea Hail
44%
RAWZoey Stark
44%
RAWAlba Fyre
40%
Free AgentBo Dallas
40%
RAWInterviewerByron Saxton
40%
NXTChanning Lorenzo
40%
NXTDante Chen
40%
NXTDuke Hudson
40%
SmackdownKarl Anderson
40%
RAWKayden Carter
40%
RAWKiana James
40%
NXTLola Vice
40%
SmackdownMichin
40%
NXTRidge Holland
40%
NXTAndre Chase
36%
SmackdownElektra Lopez
36%
Free AgentErik
36%
NXTGigi Dolin
36%
NXTJoe Coffey
36%
NXTJosh Briggs
36%
RAWKatana Chance
36%
NXTMark Coffey
36%
NXTNikkita Lyons
36%
SmackdownManager AOPPaul Ellering
36%
NXTShawn Spears
36%
SmackdownApollo Crews
32%
NXTArianna Grace
32%
NXTBrooks Jensen
32%
NXTHeritage Cup ChampionCharlie Dempsey
32%
SmackdownElton Prince
32%
RAWIsla Dawn
32%
SmackdownIntervieweuseKayla Braxton
32%
SmackdownKit Wilson
32%
NXTLash Legend
32%
RAWCommentateurPat Mcafee
32%
SmackdownTegan Nox
32%
NXTTony D'Angelo
32%
NXTAnnonceuseAlicia Taylor
28%
Free AgentCarmella
28%
NXTDamon Kemp
28%
NXTJacy Jayne
28%
NXTJakara Jackson
28%
NXTKelani Jordan
28%
SmackdownAnnonceurMike Rome
28%
RAWOdyssey Jones
28%
Free AgentRaquel Rodriguez
28%
NXTSol Ruca
28%
NXTTatum Paxley
28%
NXTWolfgang
28%
SmackdownAshante Adonis
24%
NXTKarmen Petrovic
24%
NXTMeiko Satomura
24%
NXTMyles Borne
24%
NXTRiley Osborne
24%
NXTScrypts
24%
Free AgentShotzi
24%
Free AgentTamina
24%
NXTBrinley Reece
20%
NXTBronco Nima
20%
SmackdownIntervieweuseCathy Kelley
20%
NXTDani Palmer
20%
NXTEdris Enofe
20%
RAWInterviewerJackie Redmond
20%
NXTLuca Crusifino
20%
NXTLucien Price
20%
NXTMalik Blade
20%
Free AgentSonya Deville
20%
NXTWendy Choo
20%
NXTEddy Thorpe
16%
NXTHank Walker
16%
NXTJaida Parker
16%
NXTJavier Bernal
16%
NXTJazmyn Nyx
16%
NXTJe'Von Evans
16%
NXTManagerMr. Stone
16%
NXTIntervieweuseSarah Schreiber
16%
NXTStevie Turner
16%
NXTTank Ledger
16%
Free AgentVon Wagner
16%
NXTAdrianna Rizzo
12%
NXTGable Steveson
12%
NXTIntervieweuseKelly Kincaid
12%
NXTCommentateurVic Joseph
12%
NXTIzzy Dame
8%
NXTTavion Heights
8%
NXTWren Sinclair
8%
Free AgentErick Rowan
4%
Free AgentJacob Fatu
4%
NXTTyriek Igwe
4%
NXTTyson Dupont
4%

Distribution des résultats

Percentile par nombre de réponses

% des personnes avec chaque résultat

Votre développement - résultats

Vous n’avez pas pris ce quiz depuis la dernière actualisation